• 首页
  • 本馆介绍
  • 公告通知
  • 最新文献
  • 馆藏检索
  • 电子资源
  • 读者导购
  • 参考咨询
  • 我的图书馆
  • 登录
  • 详细信息显示
  • 放入我的书架
  • 预约/预借图书
  • 作者相关作品
  • 分类相关作品
  • 丛书相关作品
  • 出版社相关作品

书目信息

  • 表格格式
  • 工作单格式
  • 卡片格式
题名:
中西流行音乐的多元化发展及现状研究
    
 
作者: 孙彦峰 著
分册:  
出版信息: 北京   中国纺织出版社  2019
页数: 178页
开本: 23cm
丛书名:
单 册:
中图分类: J605.1
科图分类:
主题词: 通俗音乐--tong su yin yue--研究--世界
电子资源:
ISBN: 978-7-5180-4275-3
000 01329nam0 2200265 450
001 012001006571
005 20140101093252.0
010    @a978-7-5180-4275-3@dCNY60.00
099    @aCAL 012018141631
100    @a20181011d2019 em y0chiy50 ea
101 0  @achi
102    @aCN@b110000
105    @aag a 000yy
106    @ar
200 1  @a中西流行音乐的多元化发展及现状研究@Azhong xi liu xing yin le de duo yuan hua fa zhan ji xian zhuang yan jiu@f孙彦峰著
210    @a北京@c中国纺织出版社@d2019
215    @a178页@c图@d23cm
320    @a有书目 (第177-178页)
330    @a流行音乐并不是“流行的音乐”,而是一种注重节奏的日常化音乐风格,也和“大众”的文化属性紧密联系的音乐类别。本书集中探讨流行音乐的内涵、源起与根基,再从时间、形式等维度详细论述中国、西方流行音乐的发展。因为历史是一面镜子,流行音乐史不仅由实践组成,还包括具体可感的音乐形式、音乐家故事、经典作品和重要乐器。论述中国流行音乐的发展以时间维度展开,论述西方流行音乐的发展以乡村音乐、灵魂乐、布鲁斯、摇滚乐等不同形式展开。最后,对当代流行音乐的现状及发展态势展开研究。
333    @a本书适用于各大音乐本科院校的教师与学生使用,同时还可供流行音乐相关人员研究使用。
606 0  @a通俗音乐@Atong su yin yue@x研究@y世界
690    @aJ605.1@v5
701  0 @a孙彦峰@Asun yan feng@4著
801  0 @aCN@b上海新华@c20191020
905    @b1131857-60@dJ605.1@e1040@f4
    
    中西流行音乐的多元化发展及现状研究/孙彦峰著.-北京:中国纺织出版社,2019
    178页:图;23cm
    使用对象:本书适用于各大音乐本科院校的教师与学生使用,同时还可供流行音乐相关人员研究使用。
    
    ISBN 978-7-5180-4275-3:CNY60.00
    流行音乐并不是“流行的音乐”,而是一种注重节奏的日常化音乐风格,也和“大众”的文化属性紧密联系的音乐类别。本书集中探讨流行音乐的内涵、源起与根基,再从时间、形式等维度详细论述中国、西方流行音乐的发展。因为历史是一面镜子,流行音乐史不仅由实践组成,还包括具体可感的音乐形式、音乐家故事、经典作品和重要乐器。论述中国流行音乐的发展以时间维度展开,论述西方流行音乐的发展以乡村音乐、灵魂乐、布鲁斯、摇滚乐等不同形式展开。最后,对当代流行音乐的现状及发展态势展开研究。
●
相关链接 在E读中查询图书 在五车中查询图书 在当当中查询图书 在豆瓣中查询图书


正题名:中西流行音乐的多元化发展及现状研究     索取号:J605.1/1040         预约/预借

序号 登录号 条形码 馆藏地/架位号 状态 备注
1 1131857   211318572   第一样本阅览室/ [索取号:J605.1/1040] 在馆    
2 1131858   211318581   第一借阅区/ [索取号:J605.1/1040] 在馆    
3 1131859   211318590   第一借阅区/ [索取号:J605.1/1040] 在馆    
4 1131860   211318607   第一借阅区/ [索取号:J605.1/1040] 在馆    
欢迎您!
大连网信软件有限公司© 版权所有